000 00274nam a22000977a 4500
008 230418b |||||||| |||| 00| 0 eng d
020 _a9780340911006
100 _aBlyton Guid
_97607
245 _aThe Naughtiest Girl (Well Done)-8
260 _aLondon
_bHalder Children Books
_c2015
999 _c12249
_d12249